Normal view
MARC view
- Finn,Reynold
Entry Personal Name
001 - CONTROL NUMBER
- control field: 360
003 - CONTROL NUMBER IDENTIFIER
- control field: OSt
005 - DATE AND TIME OF LATEST TRANSACTION
- control field: 20160610122759.0
008 - FIXED-LENGTH DATA ELEMENTS
- fixed length control field: 160610|| aca||aabn | a|a d
040 ## - CATALOGING SOURCE
- Original cataloging agency: OSt
- Transcribing agency: OSt
100 ## - HEADING--PERSONAL NAME
- Personal name: Finn,Reynold
670 ## - SOURCE DATA FOUND
- Source citation: Work cat.: (OSt): Handbook of Organic Farming: Principles and Practices, 2013
